000 00351 a2200169 4500
001 171699
020 _a85-262-2035-7
040 _cMagnum
100 _aLima, Regina Drummond e
240 1 0 _aVovó regina
_lpor
245 1 0 _aVovó regina
300 _a15
362 0 _a1993
440 1 _aScipione
697 _aLITERATURA INFANTO
942 _cBK
999 _c171699
_d171699